• 首页
  • 本馆介绍
  • 公告通知
  • 最新文献
  • 馆藏检索
  • 电子资源
  • 读者导购
  • 参考咨询
  • 我的图书馆
  • 登录
  • 详细信息显示
  • 放入我的书架
  • 预约/预借图书
  • 作者相关作品
  • 分类相关作品
  • 丛书相关作品
  • 出版社相关作品

书目信息

  • 表格格式
  • 工作单格式
  • 卡片格式
题名:
关于美国教育改革的演讲
    
 
作者: 博耶 , Boyer 著 ;涂艳国 , 方彤 译
分册:  
出版信息: 北京   教育科学出版社  2002
页数: 148页
开本: 23cm
丛书名:
单 册:
中图分类: G571.21-53
科图分类:
主题词: 教育改革--美国--1979~1995--文集 , CT--S038807--教育改革
电子资源:
ISBN: 7-5041-2261-0
000 01184nam0 2200301 45
001 012002062892
005 20031219104122.6
010    @a7-5041-2261-0@dCNY18.00
100    @a20020809d2002 emky0chiy0110 ea
101 1  @achi@ceng
102    @aCN@b110000
105    @ay z 000yy
106    @ar
200 1  @a关于美国教育改革的演讲@9guan yu mei guo jiao yu gai ge de yan jiang@e1979~1995@f(美)欧内斯特·L.博耶(Ernest L.Boyer)著@g涂艳国,方彤译
210    @a北京@c教育科学出版社@d2002
215    @a148页@d23cm
314    @a欧内斯特·L.博耶(Ernest L.Boyer,1928~1995),美国当代著名教育家,著有《中学:关于美国中等教育的报告》等。
330    @a本书分基础教育、高等教育、挑战与对策三部分,收录了最能代表欧内斯特·L.博耶思想的演说,其中包括准备学习:国家的指令,大学的质量,伙伴关系:教师教育等。
510 1  @aSelected Speeches@e1979-1995@zeng
606 0  @a教育改革@y美国@z1979~1995@j文集
606 0  @2CT@3S038807@a教育改革
690    @aG571.21-53@v4
701  1 @a博耶@9bo ye@bE.L.@4著
701  1 @aBoyer@bErnest L.@4著
702  0 @a涂艳国@9tu yan guo@4译
702  0 @a方彤@9fang tong@4译
801    @aCN@bTSTC@c20031209
905    @b329689-693@dG571.21-53@e83@f5
    
    关于美国教育改革的演讲:1979~1995/(美)欧内斯特·L.博耶(Ernest L.Boyer)著/涂艳国,方彤译.-北京:教育科学出版社,2002
    148页;23cm
    
    
    ISBN 7-5041-2261-0:CNY18.00
    本书分基础教育、高等教育、挑战与对策三部分,收录了最能代表欧内斯特·L.博耶思想的演说,其中包括准备学习:国家的指令,大学的质量,伙伴关系:教师教育等。
●
相关链接 在E读中查询图书 在五车中查询图书 在当当中查询图书 在豆瓣中查询图书


正题名:关于美国教育改革的演讲     索取号:G571.21-53/83         预约/预借

序号 登录号 条形码 馆藏地/架位号 状态 备注
1 0329689   203296897   第四借阅区/ [索取号:G571.21-53/83] 在馆    
2 0329690   203296904   第四借阅区/ [索取号:G571.21-53/83] 在馆    
3 0329691   203296913   第四借阅区/ [索取号:G571.21-53/83] 在馆    
4 0329692   203296922   第四借阅区/ [索取号:G571.21-53/83] 在馆    
5 0329693   203296931   第一样本阅览室/ [索取号:G571.21-53/83] 在馆    
唐山师范学院图书馆 欢迎您!
大连网信软件有限公司© 版权所有